000 nam a22 a 4500
999 _c2635
_d2635
005 20170517123230.0
008 170517b1993 -uk||||| |||| 00| 0 eng d
020 _a074931544X (pbk) :
_c£5.99
040 _aAKMAL
082 0 4 _a616.079 CHA
090 _a616.079
_bCHA
100 1 _aCharles, Rachel.
_95512
245 1 0 _aMind, body & immunity.
250 _aRev. ed
260 _bCedar,
_c1993.
300 _a291p.
_ccm
852 4 1 _aBritish Library
_bHMNTS
942 _2ddc
_cBOOK